| 000 | 01174cam a2200289 i 4500 | ||
|---|---|---|---|
| 001 | 43902 | ||
| 003 | Mx-PuUPA | ||
| 005 | 20240703160837.0 | ||
| 008 | 140415s2003 mx a gr 000 0 spa d | ||
| 020 | _cEn trámite | ||
| 040 |
_aMx-PuUPA _bspa _cMx-PuUPA _dMx-PuUPA _erda |
||
| 041 | 0 | _aspa | |
| 245 | 0 | 0 |
_aKaltaixpetaniloyan = _b("Casa donde se abre el espíritu") / _cVíctor Bacre Parra ; fotografía, Víctor Bacre Parra y David García Zamora |
| 264 | 1 |
_aMéxico, D. F. : _b[Editor no identificado], _c2002 |
|
| 300 |
_avi, 193 páginas : _bilustraciones, fotografías ; _c28 cm |
||
| 336 |
_2rdacontent _atexto _btxt |
||
| 337 |
_2rdamedia _asin medio _bn |
||
| 338 |
_2rdacarrier _avolumen _bnc |
||
| 500 | _a"Centros Comunitarios de Aprendizaje : Estrategias educativas para impulsar el Desarrollo Sustentable, el Desarrollo Regional y el Desarrollo Humano". -- Cubierta. | ||
| 650 | 7 |
_2armarc _aEscuelas rurales |
|
| 700 | 1 |
_aBacre Parra, Víctor, _eeditor |
|
| 700 | 1 |
_aBacre Parra, Víctor, _efotográfo |
|
| 700 | 1 |
_aGarcía Zamora, David, _efotográfo |
|
| 942 |
_2ddc _cLI _h371.03 _iK14 |
||
| 999 |
_c43902 _d43902 |
||